000
00277nam a22001337a 4500
003
SGT
082
_b
CHA
100
_a
CHAWLA, H.S.
245
_a
INTRODUCTION TO PLANT BIO- TECHNOLOGY
250
_a
3RD
260
_b
OXFORD & IBH
_c
2017
300
_a
698
942
_2
ddc
_c
BK
_0
66
999
_c
15404
_d
15404